MARC

LEADER 00000nam0a2200000 4500
001 377111
005 20231102012901.0
035 |a (RuTPU)RU\TPU\retro\34557 
090 |a 377111 
100 |a 20230208d1972 k y0rusy50 ca 
101 0 |a rus 
102 |a RU 
105 |a a z 001zy 
200 1 |a Зоогеография девонских морей Евразии (по материалам изучения табулят)  |f В. Н. Дубатолов  |g Академия наук СССР, Сибирское отделение, Институт геологии и геофизики 
210 |a Новосибирск  |c Наука  |d 1972 
215 |a 128 с.  |c ил. 
225 1 |a Труды Института геологии и геофизики  |v Вып. 157 
320 |a Библиогр.: с. 118-126. 
606 1 |a Зоогеография  |2 stltpush  |3 (RuTPU)RU\TPU\subj\11917  |9 38791 
606 1 |a Табуляты  |2 stltpush  |3 (RuTPU)RU\TPU\subj\58508  |9 76291 
610 1 |a Евразия 
610 1 |a девонские отложения 
610 1 |a моря 
610 1 |a климатическая зональность 
675 |a 591  |v 4 
675 |a 563.67  |v 4 
700 1 |a Дубатолов  |b В. Н.  |g Виктор Николаевич 
712 0 2 |a Академия наук СССР  |b Сибирское отделение  |b Институт геологии и геофизики  |c (Новосибирск)  |c (1957-1990)  |2 stltpush  |3 (RuTPU)RU\TPU\col\128  |9 23211 
801 1 |a RU  |b 63413507  |c 20230208 
801 2 |a RU  |b 63413507  |c 20230208  |g RCR 
942 |c BK